| 000 | 00957pam a22003135a 4500 | ||
|---|---|---|---|
| 001 | 015557687 | ||
| 003 | Uk | ||
| 005 | 20150824110503.0 | ||
| 008 | 100511s2011 enkab frb 001 0 eng d | ||
| 020 | _a0132088436 (pbk.) : | ||
| 020 | _a9780132088435 (pbk.) : | ||
| 040 |
_aEG-ScBUE _beng _cEG-ScBUE |
||
| 082 | 0 | 4 |
_a337 _bGER _222 |
| 100 | 1 |
_aGerber, James. _930218 |
|
| 245 | 1 | 0 |
_aInternational Economics / _cJames Gerber. |
| 250 | _a5th ed., International ed. | ||
| 260 |
_aBoston : _bPrentice Hall, _c2011. |
||
| 300 |
_axxiv, 471 p. : _bill., maps ; _c23 cm. |
||
| 500 | _aIndex: p. 451-471. | ||
| 500 | _aGlossary : p. 439-450. | ||
| 504 | _aInclude bibliographical references. | ||
| 590 | _aMenna ELEMAM | ||
| 650 | 0 |
_aInternational economic relations. _930219 _2BUEsh |
|
| 650 | 0 |
_aCommercial policy. _2BUEsh |
|
| 650 | 0 |
_aInternational trade _2BUEsh |
|
| 651 | _2BUEsh | ||
| 653 |
_bBUSECO _cAugust2015 |
||
| 942 |
_2ddc _k337 GER _cBB |
||
| 999 |
_c16793 _d16793 |
||